|
|
|
|
| LEADER |
00000cam a2200000 i 4500 |
| 001 |
1/46753 |
| 008 |
140506s2007 gr | ||| |||| ||gre|| |
| 020 |
|
|
|a 9789604023073
|
| 035 |
|
|
|l 10117534
|
| 040 |
|
|
|a GR-MyUa
|b gre
|e AACR2
|
| 041 |
1 |
|
|a gre
|h eng
|
| 082 |
7 |
|
|a 940.5318
|2 (23)
|
| 100 |
1 |
|
|a Richman, Sophia,
|d 1941-
|
| 245 |
1 |
0 |
|a Ένας λύκος στη σοφίτα :
|b η κληρονομιά ενός κρυμμένου παιδιού κατά το Ολοκαύτωμα /
|c Richman Sophia ; μετάφραση Μαράτου Μάνια ; επιμέλεια Μάντζιου Τούλα.
|
| 260 |
|
|
|a Αθήνα :
|b Τυπωθήτω,
|c 2007.
|
| 300 |
|
|
|a xxxi, 334 σ. ;
|c 25 εκ.
|
| 500 |
|
|
|a Τίτλος πρωτοτύπου: A wolf in the attic.
|
| 504 |
|
|
|a Περιέχει βιβλιογραφία (σ. 295-296).
|
| 650 |
|
0 |
|a Holocaust, Jewish (1939-1945)
|v Personal narratives.
|
| 650 |
|
0 |
|a Holocaust, Jewish (1939-1945)
|z Ukraine
|v Personal narratives.
|
| 650 |
|
0 |
|a Holocaust survivors
|z United States
|x Biography.
|
| 650 |
|
0 |
|a Jewish children in the Holocaust
|z United States
|x Biography.
|
| 852 |
|
|
|a INST
|b LESVOS
|e 20210420
|h 940.5318 RIC
|p 005100063401
|q 005100063401
|t BK
|y 0
|
| 852 |
|
|
|a INST
|b LESVOS
|c EUDOXUS
|e 20140506
|h 940.5318 RIC
|p 005100054088
|q 005100054088
|t EDX
|y 0
|
| 901 |
|
|
|a BIBL1-2014-2
|
| 920 |
|
|
|a ΕΥΔΟΞΟΣ
|b ΠΑΡΑΓΓΕΛΙΑ
|y Λέσβος-ΤΚΑΙ
|z 2013-04
|
| 970 |
|
|
|a ΤΖΑΦΕΡΗ
|b ΕΥΑΓΓΕΛΙΑ
|z 2014/05/06
|